| 000 | 00518cam a2200205ua 4500 | ||
|---|---|---|---|
| 001 | 7997 | ||
| 008 | 150103n ii |||gr||||Z||||||eng | ||
| 020 | _a9788120339040 | ||
| 040 | _cMAIN | ||
| 041 | _aeng | ||
| 082 | _a005.43 | ||
| 100 |
_aTanenbaum, A. S., _eAuthor., |
||
| 245 | 1 |
_aModern operating system _cBy Andrew S. Tanenbaum |
|
| 250 | _a3rd ed. | ||
| 260 |
_aDelhi: _bPHI, _c2008. |
||
| 300 | _axxvii,1076p. | ||
| 653 | _aComputer programming, programs & data | ||
| 653 | _aOperating system | ||
| 942 | _cBK | ||
| 999 |
_c7116 _d7116 |
||